Pražské egyptologické studie : PES /
| Korporativní autor: | Setoutbooks.cz (nakladatelství) |
|---|---|
| Další autoři: | České národní egyptologické centrum, Univerzita Karlova. Český egyptologický ústav, Univerzita Karlova. Filozofická fakulta |
| Jazyk: | Slovenština Čeština Angličtina |
| Vydáno: |
Praha : Set out, 2002- Praha : Univerzita Karlova :České národní egyptologické centrum :Český egyptologický ústav Praha : Český egyptologický ústav, Filozofická fakulta, Univerzita Karlova v Praze Praha : Univerzita Karlova, Filozofická fakulta |
| Témata: | |
| Externí odkaz: |
Archiv ročníků na WWW stránkách vydavatele
|
| Fyzický popis: |
^^^svazků : ilustrace (některé barevné) ; 25-30 cm |
| Odebírané svazky: |
1(2002)-3(2004), 6(2009)-35(2025)-, suppl. 2003-2004, 2026 |
| Language note: |
Český nebo anglický text, v českých svazcích částečně slovenský text |
| LEADER | 08825nas a2201201 i 4500 | ||
|---|---|---|---|
| 001 | nkc20051253284 | ||
| 003 | CZ PrNK | ||
| 005 | 20260527121622.0 | ||
| 007 | ta | ||
| 008 | 030609c20029999xr fr 0 b0cze | ||
| 015 | |a cnb001253284 | ||
| 022 | |a 1214-3189 | ||
| 035 | |a (OCoLC)85149004 | ||
| 040 | |a ABA001 |b cze |d BOA001 |d OLA001 |e rda | ||
| 041 | 0 | |a cze |a eng |a slo | |
| 043 | |a e-xr--- | ||
| 072 | 7 | |a 930.85 |x Dějiny civilizace. Kulturní dějiny |2 Konspekt |9 8 | |
| 080 | |a 80(=412)+908(32) |2 MRF | ||
| 080 | |a (437.3) |2 MRF | ||
| 080 | |a (062.552) |2 MRF | ||
| 210 | 1 | |a Praž. egyptol. stud. |b (Print) | |
| 222 | 0 | |a Pražské egyptologické studie |b (Print) | |
| 245 | 0 | 0 | |a Pražské egyptologické studie : |b PES / |c Univerzita Karlova, České národní egyptologické centrum, Český egyptologický ústav |
| 246 | 1 | |i Název svazků s příspěvky v angličtině: |a Prague Egyptological studies | |
| 246 | 3 | 0 | |a PES |
| 264 | 1 | |a Praha : |b Set out, |c 2002- | |
| 264 | 2 | 1 | |3 2003-2008 |a Praha : |b Univerzita Karlova : |b České národní egyptologické centrum : |b Český egyptologický ústav |
| 264 | 2 | 1 | |3 2009-2018 |a Praha : |b Český egyptologický ústav, Filozofická fakulta, Univerzita Karlova v Praze |
| 264 | 3 | 1 | |3 [2019]- |a Praha : |b Univerzita Karlova, Filozofická fakulta |
| 300 | |a ^^^svazků : |b ilustrace (některé barevné) ; |c 25-30 cm | ||
| 310 | |a 2x ročně, |b 2013- | ||
| 321 | |a 1x ročně, |b 2009-2012 | ||
| 336 | |a text |b txt |2 rdacontent | ||
| 337 | |a bez média |b n |2 rdamedia | ||
| 338 | |a svazek |b nc |2 rdacarrier | ||
| 362 | 0 | |a I/2002- | |
| 500 | |a V některých ročnících název z obálky | ||
| 500 | |a Od ročníku XV/2015 se střídají svazky v českém a anglickém jazyce, název vždy pouze česky nebo anglicky; nejde o souběžné jazykové vydání, svazky mají různý obsah, číslováním navazuje | ||
| 500 | |a Vydávána též samostatná supplementa | ||
| 500 | |a Přílohou svazku XVIII/2017 je brožura Vojtěcha Melzera: Ptahšepses | ||
| 500 | |a Některé svazky mají ISBN, od roku 2013 přiděleno pouze ISSN | ||
| 541 | |c pv | ||
| 546 | |a Český nebo anglický text, v českých svazcích částečně slovenský text | ||
| 650 | 0 | 7 | |a egyptologie |7 ph119779 |z Česko |2 czenas |
| 650 | 0 | 7 | |a egyptologie |7 ph119779 |2 czenas |
| 650 | 0 | 9 | |a Egyptology |z Czechia |2 eczenas |
| 650 | 0 | 9 | |a Egyptology |2 eczenas |
| 655 | 7 | |a sborníky |7 fd724344 |2 czenas | |
| 655 | 9 | |a papers |2 eczenas | |
| 710 | 2 | |a Setoutbooks.cz (nakladatelství) |7 ko20261291421 |4 pbl | |
| 710 | 2 | |a České národní egyptologické centrum |7 kn20030611011 |4 pbl | |
| 710 | 2 | |a Univerzita Karlova. |b Český egyptologický ústav |7 kn20010710042 |4 pbl | |
| 710 | 2 | |a Univerzita Karlova. |b Filozofická fakulta |7 kn20010710340 |4 pbl | |
| 740 | 0 | 2 | |a Ptahšepses |
| 776 | 0 | |t Pražské egyptologické studie (On-line) |x 1801-3899 | |
| 856 | 4 | 1 | |3 Archiv ročníků na WWW stránkách vydavatele |u https://cegu.ff.cuni.cz/cs/veda-a-vyzkum/prazske-egyptologicke-studie/prazske-egyptologicke-studie-starsi-cisla/ |4 N |
| 902 | |a 80-86277-26-7 |q (I/2002 ; |q brožováno) | ||
| 902 | |a 978-80-254-7358-0 |q (VI/2009 ; |q v knize neuvedeno ; |q brožováno) | ||
| 902 | |a 978-80-254-8730-3 |q (VII/2010 ; |q v knize neuvedeno ; |q brožováno) | ||
| 902 | |a 978-80-260-1150-7 |q (VIII/2011 ; |q v knize neuvedeno ; |q brožováno) | ||
| 902 | |a 978-80-260-3436-0 |q (IX/2012 ; |q v knize neuvedeno ; |q brožováno) | ||
| 910 | 2 | |a BOA001 |b 04368-1231.390 |s 1(2002)-3(2004), 6(2009)-35(2025)-, suppl. 2003-2004, 2026 | |
| 928 | 9 | |a Univerzita Karlova v Praze, Filozofická fakulta, Český egyptologický ústav | |
| 928 | 9 | |a Charles University, Faculty of Arts | |
| 990 | |a SE | ||
| 995 | |a 01 | ||
| 991 | |b 202210 | ||
| 996 | 6 | |b 2610434289 |c 04368-1231.390 |d 2002 1 |v 1 |y 2002 |l MZK |r Sklad / do 1 hodiny |n 4 |p p.v. |w 001119162 |u 000010 |a 1 |e BOA001 |j MZK50 |s P | |
| 996 | 6 | |b 2610434290 |c 04368-1231.390 |d 2003 2 |v 2 |y 2003 |l MZK |r Sklad / do 1 hodiny |n 2 |p p.v. |w 001119162 |u 000020 |a 1 |e BOA001 |j MZK50 |s P | |
| 996 | 6 | |b 2610434399 |c 04368-1231.390 |d 2003 suppl. |v suppl. |y 2003 |l MZK |r Sklad / do 1 hodiny |n 1 |p p.v. |w 001119162 |u 000030 |a 1 |e BOA001 |j MZK50 |s P | |
| 996 | 6 | |b 2610434400 |c 04368-1231.390 |d 2004 3 |v 3 |y 2004 |l MZK |r Sklad / do 1 hodiny |n 0 |p p.v. |w 001119162 |u 000040 |a 1 |e BOA001 |j MZK50 |s P | |
| 996 | 6 | |b 2610434401 |c 04368-1231.390 |d 2004 suppl. |v suppl. |y 2004 |l MZK |r Sklad / do 1 hodiny |n 0 |p p.v. |w 001119162 |u 000050 |a 1 |e BOA001 |j MZK50 |s P | |
| 996 | 6 | |b 2610434402 |c 04368-1231.390 |d 2009 6 |v 6 |y 2009 |l MZK |r Sklad / do 1 hodiny |n 0 |p p.v. |w 001119162 |u 000060 |a 1 |e BOA001 |j MZK50 |s P | |
| 996 | 6 | |b 2610450763 |c 04368-1231.390 |d 2010 7 |v 7 |y 2010 |l MZK |r Sklad / do 1 hodiny |n 0 |p p.v. |w 001119162 |u 000070 |a 1 |e BOA001 |j MZK50 |s P | |
| 996 | 6 | |b 2610489177 |c 04368-1231.390 |d 2011 8 |v 8 |y 2011 |l MZK |r Sklad / do 1 hodiny |n 2 |p p.v. |w 001119162 |u 000080 |a 1 |e BOA001 |j MZK50 |s P | |
| 996 | 6 | |b 2610523394 |c 04368-1231.390 |d 2012 9 |v 9 |y 2012 |l MZK |r Sklad / do 1 hodiny |n 1 |p p.v. |w 001119162 |u 000090 |a 1 |e BOA001 |j MZK50 |s P | |
| 996 | 6 | |b 2610565721 |c 04368-1231.390 |d 2013 10 |v 2013 |i 10 |y 2013 |l MZK |r Sklad / do 1 hodiny |n 0 |p p.v. |w 001119162 |u 000100 |a 1 |e BOA001 |j MZK50 |s P | |
| 996 | 6 | |b 2610565722 |c 04368-1231.390 |d 2013 11 |v 2013 |i 11 |y 2013 |l MZK |r Sklad / do 1 hodiny |n 1 |p p.v. |w 001119162 |u 000110 |a 1 |e BOA001 |j MZK50 |s P | |
| 996 | 6 | |b 2610594977 |c 04368-1231.390 |d 2014 12 1 |v 2014 |i 12 |y 2014 |l MZK |r Sklad / do 1 hodiny |n 0 |p p.v. |w 001119162 |u 000120 |a 1 |e BOA001 |j MZK50 |s P | |
| 996 | 6 | |b 2610609268 |c 04368-1231.390 |d 2014 13 2 |v 2014 |i 13 |y 2014 |l MZK |r Sklad / do 1 hodiny |n 0 |p p.v. |w 001119162 |u 000130 |a 1 |e BOA001 |j MZK50 |s P | |
| 996 | 6 | |b 2610645123 |c 04368-1231.390 |d 2015 14 1 |v 2015 |i 14 |y 2015 |l MZK |r Sklad / do 1 hodiny |n 1 |p p.v. |w 001119162 |u 000140 |a 1 |e BOA001 |j MZK50 |s P | |
| 996 | 6 | |b 2610653222 |c 04368-1231.390 |d 2015 15 2 angl. |v 2015 |i 15 |y 2015 |l MZK |r Sklad / do 1 hodiny |n 1 |p p.v. |w 001119162 |u 000150 |a 1 |e BOA001 |j MZK50 |s P | |
| 996 | 6 | |b 2610681276 |c 04368-1231.390 |d 2016 16 1 |v 2016 |i 16 |y 2016 |l MZK |r Sklad / do 1 hodiny |n 2 |p p.v. |w 001119162 |u 000160 |a 1 |e BOA001 |j MZK50 |s P | |
| 996 | 6 | |b 2610693451 |c 04368-1231.390 |d 2016 17 2 angl. |v 2016 |i 17 |y 2016 |l MZK |r Sklad / do 1 hodiny |n 0 |p p.v. |w 001119162 |u 000170 |a 1 |e BOA001 |j MZK50 |s P | |
| 996 | 6 | |b 2610719772 |c 04368-1231.390 |d 2017 18 |v 2017 |i 18 |y 2017 |l MZK |r Sklad / do 1 hodiny |n 3 |p p.v. |w 001119162 |u 000180 |a 1 |e BOA001 |j MZK50 |s P | |
| 996 | 6 | |b 2610729859 |c 04368-1231.390 |d 2017 19 |v 2017 |i 19 |y 2017 |l MZK |r Sklad / do 1 hodiny |n 0 |p p.v. |w 001119162 |u 000190 |a 1 |e BOA001 |j MZK50 |s P | |
| 996 | 6 | |b 2610752377 |c 04368-1231.390 |d 2018 20 |v 2018 |i 20 |y 2018 |l MZK |r Sklad / do 1 hodiny |n 1 |p p.v. |w 001119162 |u 000200 |a 1 |e BOA001 |j MZK50 |s P | |
| 996 | 6 | |b 2610770150 |c 04368-1231.390 |d 2018 21 |v 2018 |i 21 |y 2018 |l MZK |r Sklad / do 1 hodiny |n 0 |p p.v. |w 001119162 |u 000210 |a 1 |e BOA001 |j MZK50 |s P | |
| 996 | 6 | |b 2610807163 |c 04368-1231.390 |d 2019 22 |v 2019 |i 22 |y 2019 |l MZK |r Sklad / do 1 hodiny |n 0 |p p.v. |w 001119162 |u 000220 |a 1 |e BOA001 |j MZK50 |s P | |
| 996 | 6 | |b 2610824392 |c 04368-1231.390 |d 2019 23 |v 2019 |i 23 |y 2019 |l MZK |r Sklad / do 1 hodiny |n 0 |p p.v. |w 001119162 |u 000230 |a 1 |e BOA001 |j MZK50 |s P | |
| 996 | 6 | |b 2610844225 |c 04368-1231.390 |d 2020 24 |v 2020 |i 24 |y 2020 |l MZK |r Sklad / do 1 hodiny |n 0 |p p.v. |w 001119162 |u 000240 |a 1 |e BOA001 |j MZK50 |s P | |
| 996 | 6 | |b 2610855341 |c 04368-1231.390 |d 2020 25 |v 2020 |i 25 |y 2020 |l MZK |r Sklad / do 1 hodiny |n 0 |p p.v. |w 001119162 |u 000250 |a 1 |e BOA001 |j MZK50 |s P | |
| 996 | 6 | |b 2610884076 |c 04368-1231.390 |d 2021 26 |v 2021 |i 26 |y 2021 |l MZK |r Sklad / do 1 hodiny |n 0 |p p.v. |w 001119162 |u 000260 |a 1 |e BOA001 |j MZK50 |s P | |
| 996 | 6 | |b 2610894763 |c 04368-1231.390 |d 2021 27 |v 2021 |i 27 |y 2021 |l MZK |r Sklad / do 1 hodiny |n 0 |p p.v. |w 001119162 |u 000270 |a 1 |e BOA001 |j MZK50 |s P | |
| 996 | 6 | |b 2610918102 |c 04368-1231.390 |d 2022 28 |v 2022 |i 28 |y 2022 |l MZK |r Sklad / do 1 hodiny |n 0 |p p.v. |w 001119162 |u 000280 |a 1 |e BOA001 |j MZK50 |s P | |
| 996 | 6 | |b 2610926651 |c 04368-1231.390 |d 2022 29 |v 2022 |i 29 |y 2022 |l MZK |r Sklad / do 1 hodiny |n 0 |p p.v. |w 001119162 |u 000290 |a 1 |e BOA001 |j MZK50 |s P | |
| 996 | 6 | |b 2610957092 |c 04368-1231.390 |d 2023 30 |v 2023 |i 30 |y 2023 |l MZK |r Sklad / do 1 hodiny |n 0 |p p.v. |w 001119162 |u 000300 |a 1 |e BOA001 |j MZK50 |s P | |
| 996 | 6 | |b 2610974409 |c 04368-1231.390 |d 2023 31 |v 2023 |i 31 |y 2023 |l MZK |r Sklad / do 1 hodiny |n 0 |p p.v. |w 001119162 |u 000310 |a 1 |e BOA001 |j MZK50 |s P | |
| 996 | 6 | |b 2610996284 |c 04368-1231.390 |d 2024 32 |v 2024 |i 32 |y 2024 |l MZK |r Sklad / do 1 hodiny |n 0 |p p.v. |w 001119162 |u 000320 |a 1 |e BOA001 |j MZK50 |s P | |
| 996 | 6 | |b 2611002401 |c 04368-1231.390 |d 2024 33 |v 2024 |i 33 |y 2024 |l MZK |r Sklad / do 1 hodiny |n 0 |p p.v. |w 001119162 |u 000330 |a 1 |e BOA001 |j MZK50 |s P | |
| 996 | 6 | |b 2611021694 |c 04368-1231.390 |d 2025 34 |v 34 |y 2025 |l MZK |r Sklad / do 1 hodiny |n 0 |p p.v. |w 001119162 |u 000340 |a 1 |e BOA001 |j MZK50 |s P | |
| 996 | 6 | |b 2611031304 |c 04368-1231.390 |d 2025 35 |v 35 |y 2025 |l MZK |r Sklad / do 1 hodiny |n 0 |p p.v. |w 001119162 |u 000350 |a 1 |e BOA001 |j MZK50 |s P | |
| 996 | 6 | |b 2611032893 |c 04368-1231.390 |d 2026 suppl. |v suppl. |i 4 |y 2026 |l MZK |r Sklad / do 1 hodiny |n 0 |p p.v. |w 001119162 |u 000360 |a 1 |e BOA001 |j MZK50 |s P | |
English
Čeština 